Sports Quiz

Random Sports or Soccer Quiz
Score 0/28 Timer 05:00
0 Plays Today
Position Player % Correct
GoalkeeperBrad Guzan
100%
GoalkeeperZack Steffen
88.9%
MidfielderMiguel Almirón
77.8%
ForwardCarlos Vela
77.8%
ForwardSebastian Giovinco
77.8%
ForwardJosef Martínez
77.8%
Forward (did not participate)Zlatan Ibrahimović
77.8%
DefenderGraham Zusi
66.7%
MidfielderIgnacio Piatti
66.7%
ForwardDarwin Quintero
66.7%
ForwardBradley Wright-Phillips
66.7%
Forward (did not participate)David Villa
66.7%
DefenderMichael Parkhurst
55.6%
DefenderAaron Long
55.6%
Position Player % Correct
MidfielderJonathan dos Santos
55.6%
MidfielderDiego Valeri
55.6%
MidfielderEzequiel Barco
55.6%
DefenderLaurent Ciman
44.4%
DefenderMatt Hedges
44.4%
MidfielderTyler Adams
44.4%
MidfielderAlberth Elis
44.4%
MidfielderAlphonso Davies
44.4%
DefenderFrancisco Calvo
33.3%
DefenderMichael Murillo
33.3%
MidfielderIlie Sánchez
33.3%
MidfielderAlexander Ring
33.3%
MidfielderWilfried Zahibo
22.2%
MidfielderYoshimar Yotún
22.2%
Come Together.
Have Fun.
All Virtual.
We all need to come together. Play Sporcle's virtual live trivia to have fun, connect with people, and get your trivia on. Join a live hosted trivia game for your favorite pub trivia experience done virtually. If a virtual private party is more your thing, go here for details.

You're not logged in!

Compare scores with friends on all Sporcle quizzes.
OR
Log In

Sporcle TV

Today on Sporcle TV


Watch our educational content, quiz creation guides, and fun videos on Sporcle TV.

Show Comments

Extras

Top Quizzes Today


Score Distribution

Paid Content

Your Account Isn't Verified!

In order to create a playlist on Sporcle, you need to verify the email address you used during registration. Go to your Sporcle Settings to finish the process.

Report this User

Report this user for behavior that violates our Community Guidelines.

Details: